Sprievodca po Internete : Príručka používateľa : Obs. Príručka, 143 s.. Disketa, 3,5 palcová HD /

Saved in:
Bibliographic Details
Main Author: Makulová, Soňa (Author)
Format: Book
Language:Slovak
Published: Bratislava : Easy Learning & Teaching, 1995
Edition:1.vyd.
Subjects:
Tags: Add Tag
No Tags, Be the first to tag this record!

MARC

LEADER 00000nam a22000003a 4500
001 stu7942
005 20150617225806.5
008 950612s1995----xo------------------slo-d
040 |a STU  |b slo 
041 0 |a slo 
044 |a xo 
080 |a 681.324 
084 |a B6210L  |2 INS 
084 |a C3370G  |2 INS 
084 |a C5620  |2 INS 
100 1 |a Makulová, Soňa  |4 aut 
245 1 |a Sprievodca po Internete :  |b Príručka používateľa : Obs. Príručka, 143 s.. Disketa, 3,5 palcová HD /  |c [aut.] Makulová,Soňa 
250 |a 1.vyd. 
260 |a Bratislava :  |b Easy Learning & Teaching,  |c 1995 
300 |a 1 kniha  |c disketa 
650 7 |a počítačové siete  |2 stusub 
650 7 |a Sanet  |2 stusub 
650 7 |a Archie  |2 estusub 
650 7 |a Parker  |2 stusub 
650 7 |a World Wide Web  |2 estusub 
650 7 |a WAIS  |2 stusub 
650 7 |a Gopher  |2 stusub 
650 7 |a Veronica  |2 stusub 
650 7 |a Jughead  |2 stusub 
650 7 |a Usenet  |2 stusub 
996 |b 284EK08108  |c E*79942  |l EE01  |s A  |a 24  |w stu7942_0001